000 00585nam a2200205 a 4500
001 3176
003 CO-ViMGA
008 141112s2004 ck r 000 u spa d
040 _aCO-ViMGA
_bspa
_cCO-ViMGA
082 0 4 _a370.152 M146
100 1 _aMayor, Suzanne
_952557
245 1 0 _aActividades para niños con problemas de aprendizaje /
_cMajor Suzanne , Walsh Mary Ann
250 _a3a
260 _aBarcelona :
_bCeac,
_c1988
300 _a131 p
490 _aEducación y enseñanza
650 1 4 _aAnn Walsh, Mary
_952558
650 1 4 _aAPRENDIZAJE - PROBLEMAS
942 _2ddc
_cBK
999 _c15227
_d15227